Дванадцять ню (Запис № 331100)

МАРК-запис
000 -Лідер
fixed length control field 00726nam a22002537a 4500
001 - Контрольний номер
control field 44989
003 - Ідентифікатор контрольного номера
control field UA-OsUOA
005 - Дата та час останнього входження (трансакції)
control field 20191224094410.0
007 - Фіксоване поле фізичного опису
fixed length control field ta
008 - Елементи даних фіксованої довжини – загальна інформація
fixed length control field 20070320b un ||||| |||| 00| 0 ukr d
020 ## - Міжнародний стандартний книжковий номер (ISBN)
Міжнародний стандартний книжковий номер (ISBN) (НП) 966-8770-16-1
040 ## - Джерело каталогізації
Агенція оригінальної каталогізації UA-OsUOA
Мова каталогізації ukr
Агенція, яка здійснювала перезапис UA-OsUOA
Агенція, яка здійснювала модифікацію UA-OsUOA
041 ## - Код мови
Код мови тексту/ звукової доріжки чи окремого заголовка (П) ukr
080 ## - Індекс Універсальної десяткової класифікації
Індекс Універсальної десяткової класифікації (УДК) (НП) 821.161.2
090 ## - Локальний шифр розміщення
Класифікаційний індекс УДК 821.161.2
Авторський знак (НП) С 47
100 ## - Основне введення – ім’я особи
Ім’я особи (НП) Слапчук В.
245 ## - Відомості про назву
Назва (НП) Дванадцять ню
Решта назви (НП) інтимна лірика
260 ## - Публікація, розповсюдження і т.п. (Вихідні дані)
Місце публікації, розповсюдження і т.п. (П) Луцьк
Ім’я/ наймення видавництва, розповсюджувача і т.п. (П) Твердиня
Дата публікації, розповсюдження і т.п. (П) 2005
300 ## - Фізичний опис
Обсяг 180 с.
650 #7 - Додаткове предметне введення – тематичний термін
Тематичний термін чи географічна назва, як елемент введення (НП) 82 Література. Літературознавство
Джерело заголовка чи терміна UDC
942 ## - Додаткові елементи входу (Коха)
Тип елемента Koha Книги
Source of classification or shelving scheme Universal Decimal Classification
955 ## - Код типу видання за змістом
Код типу видання за змістом (НП) Літературно-художні видання
Фонди
Стан вилучень Стан втрат Джерело класифікації або схеми стелажів Стан уражень Не для кредиту Постійне місце розташування Поточне розміщення Дата придбання Джерело придбання Вартість, звичайна ціна покупки Інвентарний номер Усього замовленно Повний номер виклику Штрих-код Дата останнього перегляду Ціна ефективна від Тип елемента Koha Код колекції Примітка, призначена для загального доступу
    Universal Decimal Classification     АБ - Абонемент НБ АБ - Абонемент НБ 20/03/2007 59/2007 4.00 104097   821.161.2 С 47 104097 05/04/2022 20/03/2007 Книги    
    Universal Decimal Classification     АБ - Абонемент НБ АБ - Абонемент НБ 20/03/2007 59/2007 4.00 104098   821.161.2 С 47 104098 05/04/2022 20/03/2007 Книги    
    Universal Decimal Classification     АБ - Абонемент НБ АБ - Абонемент НБ 20/03/2007 59/2007 4.00 104099   821.161.2 С 47 104099 05/04/2022 20/03/2007 Книги    
    Universal Decimal Classification     АБ - Абонемент НБ АБ - Абонемент НБ 20/03/2007 59/2007 4.00 104100   821.161.2 С 47 104100 05/04/2022 20/03/2007 Книги    
    Universal Decimal Classification     АБ - Абонемент НБ АБ - Абонемент НБ 22/08/2017 32/2017 15.00 154819   821.161.2 С47 154819 06/02/2022 22/08/2017 Книги Колекція Жулинського М.Г. з автографом